Bangladesh, an intercultural panorama / (Record no. 21304)

MARC details
000 -LEADER
fixed length control field 01139cam a2200337 a 4500
001 - CONTROL NUMBER
control field 16702769
003 - CONTROL NUMBER IDENTIFIER
control field BDDh-ASL
005 - DATE AND TIME OF LATEST TRANSACTION
control field 20231015030003.0
008 - FIXED-LENGTH DATA ELEMENTS--GENERAL INFORMATION
fixed length control field 110323s2011 xxuab 001 0ceng
010 ## - LIBRARY OF CONGRESS CONTROL NUMBER
LC control number 2011321330
020 ## - INTERNATIONAL STANDARD BOOK NUMBER
International Standard Book Number 9789842001673
025 ## - OVERSEAS ACQUISITION NUMBER
Overseas acquisition number B-E-2011-321330; 21-91
037 ## - SOURCE OF ACQUISITION
Source of stock number/acquisition Library of Congress -- New Delhi Overseas Office
040 ## - CATALOGING SOURCE
Original cataloging agency DLC
Transcribing agency DLC
Modifying agency DLC
-- BDDh-ASL
042 ## - AUTHENTICATION CODE
Authentication code lcode
-- pcc
043 ## - GEOGRAPHIC AREA CODE
Geographic area code a-bg---
050 00 - LIBRARY OF CONGRESS CALL NUMBER
Classification number PK1704
Item number .D55 2011
082 ## - DEWEY DECIMAL CLASSIFICATION NUMBER
Classification number 920.5492
Item number DIB
100 1# - MAIN ENTRY--PERSONAL NAME
Personal name Dil, Anwar S.
245 10 - TITLE STATEMENT
Title Bangladesh, an intercultural panorama /
Statement of responsibility, etc. Anwar Dil ; foreword by Serajul Islam Choudhury.
250 ## - EDITION STATEMENT
Edition statement 1st ed.
260 ## - PUBLICATION, DISTRIBUTION, ETC.
Place of publication, distribution, etc. California :
Name of publisher, distributor, etc. Intercultural Forum ;
Place of publication, distribution, etc. Dhaka :
Name of publisher, distributor, etc. Adorn Books,
Date of publication, distribution, etc. 2011.
300 ## - PHYSICAL DESCRIPTION
Extent 407 p. :
Other physical details ill., map ;
Dimensions 24 cm.
490 0# - SERIES STATEMENT
Series statement Contributions to Bangladesh studies ;
Volume/sequential designation 10
500 ## - GENERAL NOTE
General note Includes index.
520 ## - SUMMARY, ETC.
Summary, etc. Biographies of six Bengali authors from Bangladesh.
650 #0 - SUBJECT ADDED ENTRY--TOPICAL TERM
Topical term or geographic name entry element Authors, Bengali
Geographic subdivision Bangladesh
Form subdivision Biography.
906 ## - LOCAL DATA ELEMENT F, LDF (RLIN)
a 7
b cbc
c origode
d 3
e ncip
f 20
g y-gencatlg
942 ## - ADDED ENTRY ELEMENTS (KOHA)
Source of classification or shelving scheme Dewey Decimal Classification
Koha item type Books
Holdings
Withdrawn status Lost status Source of classification or shelving scheme Damaged status Not for loan Collection code Home library Current library Shelving location Date acquired Source of acquisition Total Checkouts Full call number Barcode Date last seen Copy number Price effective from Koha item type
    Dewey Decimal Classification     Non-fiction Asiatic Society Library Asiatic Society Library General Stacks 01/27/2021 Complementary   920.5492 DIB 104999 01/27/2021 C-1 01/27/2021 Books
    Dewey Decimal Classification     Non-fiction Asiatic Society Library Asiatic Society Library General Stacks 03/05/2023 Donated by Prof. Wakil Ahmed   920.5492 DIB 119348 03/05/2023 C-2 03/05/2023 Books

Powered by Koha